header

Between religion and politics (Record no. 56841)

MARC details
000 -LEADER
fixed length control field 01549nam a2200385Ia 4500
100 1# - MAIN ENTRY--AUTHOR NAME
Personal name Brown, Nathan J.
245 10 - TITLE STATEMENT
Title Between religion and politics
260 ## - PUBLICATION, DISTRIBUTION, ETC. (IMPRINT)
Place of publication Washington, D.C. :
Name of publisher Carnegie Endowment for International Peace :
-- United States Institute of Peace,
Year of publication c2010.
300 ## - PHYSICAL DESCRIPTION
Number of Pages viii, 213 p.
650 #0 - SUBJECT ADDED ENTRY--TOPICAL TERM
Topical Term Islam and politics
Topical Term Islam and politics
Topical Term Islamic fundamentalism
Topical Term Muslims
Topical Term Political participation
700 1# - ADDED ENTRY--PERSONAL NAME
Personal name Hamzawy, Amr.
856 40 - ELECTRONIC LOCATION AND ACCESS
Uniform Resource Identifier http://site.ebrary.com/lib/rucke/Doc?id=10621675

No items available.

© 2026 Rongo University
Contact us: librarian | system librarian | Rongo university